| 000 | 00474nam a2200193Ia 4500 | ||
|---|---|---|---|
| 005 | 20250423094344.0 | ||
| 008 | 250422s9999 xx 000 0 und d | ||
| 020 | _a9781451116533 | ||
| 050 | _aRD 37.2 .B53/ | ||
| 100 | _aBlackbourne, Lorne H. | ||
| 245 | 0 | _aAdvanced surgical recall | |
| 250 | _a4th ed. | ||
| 260 | _aNew York | ||
| 260 | _bWolters Kluwer | ||
| 260 | _c2015 | ||
| 300 | _a849 p | ||
| 650 | _aSurgery--Examinations, questions, etc. | ||
| 942 | _cBK | ||
| 999 |
_c26996 _d26996 |
||